00665nam a22001817a 4500001000500000005001700005020001800022040002700040082000800067100001800075245003200093260003300125300002300158490002100181520025700202650001200459655001200471123620240515115103.0 a9781848104686 aFISKHbengcFISKHdeng a590 aParker, Steve aAnimals /bhow nature works aEssex :bMiles Kelly,c2011. a40 pages :c30 cm. aHow nature works aThis title examines 15 animal traits, from the incredible speed of the cheetah to the amazing flight of birds. Highly technical and realistic artwork is presented in overlay views on dramatic photos to help children understand how animal anatomy works. 2Zoology aZoology